| 000 | 01446nam a2200337 i 4500 | ||
|---|---|---|---|
| 001 | 000046285 | ||
| 003 | DO-SdBNP | ||
| 005 | 20251006083718.0 | ||
| 007 | ta | ||
| 008 | 110303s2023 dr 000 0 spa d | ||
| 020 | _a9789945917420 | ||
| 040 |
_aDO-SdBNP _bspa _cBNPHU _erda |
||
| 041 | _aspa | ||
| 082 | 4 |
_a758.0113 _bT231a _222 |
|
| 100 |
_aTavárez María, Clenis, _eautor _4aut. _951177 |
||
| 245 | 1 | 0 |
_aAnamuya : _bpatrimonio aborigen del este de República Dominicana / _cClenis Tavarez María ; corrección, Miriam Melo ; prólogo, Divaldo Gutiérrez Calvache |
| 250 | _aPrimera edición | ||
| 264 | 1 |
_aSanto Domingo : _bInstituto Panamericano de Geografía e Historia, Sección Nacional de Dominicana, _c2023. |
|
| 300 |
_a178 paginas : _bilustrados ; _c24 cm. |
||
| 336 |
_atexto _btxt _2rdacontent |
||
| 337 |
_asin mediación _bn _2rdamedia |
||
| 338 |
_avolumen _bnc _2rdacarrier |
||
| 505 |
_aPresentación -- _t Prólogo -- _tIntroducción -- _tMétodo -- _tAntecedentes del presente estudio -- _tMarco conceptual -- _tResultados -- _tConclusiones -- _t Logros -- _tRecomendaciones -- _tReferencias bibliográficas. |
||
| 590 | _ainventariado, 2023 / DG | ||
| 650 | 4 |
_aArte rupestre _zRepública Dominicana _961716 |
|
| 650 | 4 |
_aPetroglifos _zRepública Dominicana _983348 |
|
| 700 | 1 |
_aMelo, Miriam, _ecorrector _4corr. _984185 |
|
| 700 | 1 |
_aGutiérrez Calvache, Divaldo, _eprologuista _4pr. _988659 |
|
| 910 | _aDG | ||
| 942 |
_2ddc _cLBS1 |
||
| 999 |
_c53458 _d53458 |
||